Borussia Dortmund Captains - Statistics

General Stats
  • This quiz has been taken 56 times
  • The average score is 5 of 19
Answer Stats
Hint Answer % Correct
2018-2023 Marco Reus
92%
2014-2016 Mats Hummels
79%
2023- Emre Can
73%
2008-2014 Sebastian Kehl
60%
1988-1998 Michael Zorc
50%
2016-2018 Marcel Schmelzer
40%
2004-2008 Christian Worns
19%
1979-1983 Manfred Burgsmuller
17%
1998-2003 Stefan Reuter
17%
1968-1971 Sigfried Held
13%
2003-2004 Christoph Metzelder
12%
1987-1988 Frank Mill
8%
1963-1965 Alfred Schmidt
6%
1977-1979 Lothar Huber
4%
1971-1974 Dieter Kurrat
2%
1985-1987 Dirk Hupe
2%
1974-1977 Klaus Ackermann
2%
1983-1985 Rolf Russmann
2%
1965-1968 Wolfgang Paul
2%
No matching quizzes found
Score Distribution
Percent of People with Each Score
Percentile by Number Answered
Your Score History
You have not taken this quiz